000 01108cam a2200301 i 4500
005 20251108170131.0
008 250721s1997 ua gr 000 0 ara d
020 _a9772703769
082 1 4 _a091.1
_bس ي د
100 1 _aسيد، أيمن فؤاد
_eمؤلف.
245 1 2 _aالكتاب العربي المخطوط وعلم المخطوطات /
_cالدكتور ايمن فؤاد سيد.
250 _aالطبعة الاولى.
264 3 1 _aالقاهرة :
_bالدار المصرية اللبنانية،
_c1997.
300 _a288 صفحة.
650 1 7 _aالمخطوطات.
650 1 7 _aالكتاب العربي.
650 1 7 _aالخط العربي.
650 1 7 _aالخطوط العربية.
650 1 7 _aالتدوين.
650 1 7 _aجمع القرآن.
650 1 7 _aتدوين الحديث.
650 1 7 _aالنسخ الوراقة و الوراقون.
650 1 7 _aالمكتبات الإسلامية.
650 1 7 _aالمصحف الشريف.
650 1 7 _aالمسودات.
942 _2ddc
_cBK
999 _c40562
_d40562